| 000 | 01036nam a22002655a 4500 | ||
|---|---|---|---|
| 003 | OSt | ||
| 005 | 20170129154117.0 | ||
| 008 | 160922s2013 ua frb 000 0 ara d | ||
| 015 | _22014 / 21763 | ||
| 020 | _a9789770476666 | ||
| 040 |
_aEG-ScBUE _bara _cEG-ScBUE _dEG-ScBUE |
||
| 043 | _af-ua--- | ||
| 082 | 0 | 4 |
_a343.62071 _bس ل ي _222 |
| 100 | 1 | _aسليم، الهيثم عمر. | |
| 245 | 1 | 0 |
_aحماية المستهلك من الممارسات الاحتكارية بين الضمانات التقليدية والضمانات المتخصصة / _cالهيثم عمر سليم. |
| 250 | _aط. 1. | ||
| 260 |
_aالقاهرة : _bدار النهضة العربية، _c2013. |
||
| 300 |
_a275 ص. ؛ _c24 سم. |
||
| 504 | _aيشتمل على إرجاعات ببليوجرافية. | ||
| 650 | 7 |
_a الاحتكار _xقوانين وتشريعات _zمصر. _2BUEsh |
|
| 650 | 7 |
_aحماية المستهلك _xقوانين وتشريعات _zمصر. _2BUEsh |
|
| 651 | _2BUEsh | ||
| 653 |
_bLLAAWW _cJanuary2017 |
||
| 942 | _2ddc | ||
| 999 |
_c24019 _d23991 |
||